000 00699cam a22002413a 4500
001 11056
003 PGUSA
005 20140828083232.0
008 040201s2004||||xxu|||||s|||||000 1 eng d
040 _aPGUSA
_beng
042 _adc
050 4 _aPS
100 1 _aHarper, Frances Ellen Watkins,
_d1825-1911
245 1 0 _aTrial and Triumph
_h[electronic resource] /
_cFrances Ellen Watkins Harper
260 _bProject Gutenberg,
_c2004
506 _aPublic domain in the USA.
516 _aElectronic text
653 _aAfrican Americans -- Fiction
700 1 _aFoster, Frances Smith
830 0 _aProject Gutenberg
_v11056
856 4 0 _uhttp://www.gutenberg.org/ebooks/11056
942 _cEB
999 _c240311
_d240311